| 000 | 00401nam a2200181Ia 4500 | ||
|---|---|---|---|
| 005 | 20240823022151.0 | ||
| 008 | 240823s9999||||xx |||||||||||||| ||und|| | ||
| 041 | _aENGLISH | ||
| 082 | _A535 J9 | ||
| 100 | _a"Efron,Alexander" | ||
| 245 | 0 | _aL I G H T | |
| 250 | _a1st | ||
| 260 |
_c1969 _b"Vakils,Bombay" |
||
| 500 | _aTransfered | ||
| 650 |
_aLight _bPhysics |
||
| 942 | _cBK | ||
| 999 |
_c178515 _d178515 |
||